Normal view MARC view
  • Ali , Rizwan

Entry Personal Name

Number of records used in: 2

001 - CONTROL NUMBER

  • control field: 122493

003 - CONTROL NUMBER IDENTIFIER

  • control field: NUST

005 - DATE AND TIME OF LATEST TRANSACTION

  • control field: 20240426154825.0

008 - FIXED-LENGTH DATA ELEMENTS

  • fixed length control field: 240426|| aca||aabn | a|a d

040 ## - CATALOGING SOURCE

  • Original cataloging agency: NUST
  • Transcribing agency: NUST

100 ## - HEADING--PERSONAL NAME

  • Personal name: Ali , Rizwan

670 ## - SOURCE DATA FOUND

  • Source citation: Work cat.: (NUST): Ali , Rizwan, A Study to Determine the Effects of Wirecut EDM Input Parameters on Material Removal Rate, Surface Roughness and Recast Layer Thickness of NdFeB Magnet. /
© 2023 Central Library, National University of Sciences and Technology. All Rights Reserved.